[Event "FRA-chT U20 0405"]
[Site "Lyon"]
[Date "2004.12.19"]
[Round "6.3"]
[White "Chretien, Antonin"]
[Black "Szybowski, Maxime"]
[Result "1/2-1/2"]
[WhiteElo "1740"]
[BlackElo "1420"]
[PlyCount "129"]
[EventDate "2004.11.??"]
[EventType "team"]
[EventRounds "7"]
[EventCountry "FRA"]
[SourceTitle "EXT 2006"]
[Source "ChessBase"]
[SourceDate "2005.11.24"]
[SourceVersion "1"]
[SourceVersionDate "2005.11.24"]
[SourceQuality "1"]
[WhiteTeam "Nancy"]
[BlackTeam "Lyon"]
[WhiteTeamCountry "FRA"]
[BlackTeamCountry "FRA"]

1. d4 Nf6 2. Nf3 g6 3. c4 Bg7 4. Nc3 d6 5. e4 0-0 6. Be2 Nbd7 7. 0-0 e5 8. Qc2 Ne8 9. Rd1 f5 10. Bf1 f4 11. b4 b6 12. Rb1 g5 13. dxe5 g4 14. Nd4 Nxe5 15. g3 fxg3 16. fxg3 Nf3+ 17. Nxf3 gxf3 18. Bf4 Rxf4 19. gxf4 Qh4 20. Nd5 c6 21. Ne3 Qxf4 22. Nf5 Bxf5 23. exf5 Bd4+ 24. Kh1 f2 25. Qd2 Be3 26. Qe2 Nf6 27. Bh3 Ne4 28. Qg4+ Qxg4 29. Bxg4 Nc3 30. Bh3 Nxb1 31. Rxb1 Re8 32. Rf1 Kf7 33. Kg2 Rg8+ 34. Kf3 Bd4 35. Rd1 c5 36. bxc5 bxc5 37. Rf1 Rg1 38. Ke2 Rxf1 39. Kxf1 Kf6 40. Ke2 Ke5 41. Kf3 d5 42. cxd5 Kxd5 43. Bf1 c4 44. Ke2 c3 45. Kd3 Be5 46. Bg2+ Kc5 47. Ke3 Kb4 48. Ke2 Ka3 49. Be4 Kxa2 50. Kxf2 Bxh2 51. Ke2 Be5 52. f6 Bxf6 53. Bxh7 a5 54. Kd1 Kb2 55. Bc2 Ka3 56. Kc1 Kb4 57. Kb1 a4 58. Ka2 a3 59. Kb1 Be7 60. Ka2 Bg5 61. Kb1 Be7 62. Bg6 Kc4 63. Bf5 Kb4 64. Bg6 Bg5 65. Bf5 1/2-1/2